=LDR 00000nam 2200000 4500 =001 INLIS000000000034896 =005 20130612140804 =008 ***********************************ind** =035 ##$$0010-061300000034896 =041 ##$$a ind =082 ##$$a 372.3 =090 ##$$a 372.3, Tri p =100 ##$$a Trimansyah, Bambang =245 ##$$a Penemuan Ajaib, Bambang Trimansyah =250 ##$$a Seri sains pemula =260 ##$$a [20?...] $b Bogor =300 ##$$a 32 hlm., Ilus, 25 cm =650 ##$$a Sains (Pendidikan Dasar) =850 ##$$a NBPNMAT